| 000 | 00460nam a2200169Ia 4500 | ||
|---|---|---|---|
| 005 | 20250423101331.0 | ||
| 008 | 250422s9999 xx 000 0 und d | ||
| 020 | _a0877799067 | ||
| 050 | _aPE 1591 .M478/ | ||
| 245 | 4 | _aThe Merriam-Webster dictionary of synonyms and antonyms | |
| 260 | _aSpringfield | ||
| 260 | _bMerriam-Webster | ||
| 260 | _c2007 | ||
| 300 | _a443 p | ||
| 650 | _aEnglish language--Synonyms and antonyms--Dictionaries. | ||
| 942 | _cBK | ||
| 999 |
_c35998 _d35998 |
||